Biblical theology: retrospect and prospect

Saved in:  
Bibliographic Details
Contributors: Hafemann, Scott J. 1954- (Editor)
Format: Print Book
Language:English
Subito Delivery Service: Order now.
Check availability: HBZ Gateway
WorldCat: WorldCat
Interlibrary Loan:Interlibrary Loan for the Fachinformationsdienste (Specialized Information Services in Germany)
Published: Downers Grove, Ill. InterVarsity Press 2002
In:Year: 2002
Reviews:[Rezension von: Hafemann, Scott J., Biblical Theology: Retrospect and Prospect] (2004) (Schreiner, Thomas R., 1954 -)
Standardized Subjects / Keyword chains:B Biblical theology
Further subjects:B Bible Theology

MARC

LEADER 00000cam a2200000 c 4500
001 1604879173
003 DE-627
005 20251225192135.0
007 tu
008 030509s2002 xx ||||| 00| ||eng c
010 |a  2002009247 
020 |a 083082684X  |c (pbk. : alk. paper)  |9 0-8308-2684-X 
035 |a (DE-627)1604879173 
035 |a (DE-576)104582804 
035 |a (DE-599)BSZ104582804 
035 |a (OCoLC)50006548 
040 |a DE-627  |b ger  |c DE-627  |e rakwb 
041 |a eng 
050 0 |a BS543.B524 2002 
082 0 |a 230.041 
084 |a 1  |2 ssgn 
245 0 0 |a Biblical theology  |b retrospect and prospect  |c edited by Scott J. Hafemann 
264 1 |a Downers Grove, Ill.  |b InterVarsity Press  |c 2002 
300 |a 300 S. 
336 |a Text  |b txt  |2 rdacontent 
337 |a ohne Hilfsmittel zu benutzen  |b n  |2 rdamedia 
338 |a Band  |b nc  |2 rdacarrier 
500 |a Includes bibliographical references and indexes 
583 1 |a Archivierung prüfen  |c 20200919  |f DE-640  |z 1  |2 pdager 
583 1 |a Archivierung/Langzeitarchivierung gewährleistet  |f SSG  |x XA-DE-BW  |2 pdager  |5 DE-21 
601 |a Theologe 
630 0 0 |a Bible  |x Theology 
689 0 0 |d s  |0 (DE-588)4135590-8  |0 (DE-627)105663972  |0 (DE-576)209662050  |2 gnd  |a Biblische Theologie 
689 0 |5 (DE-627) 
700 1 |e Hrsg.  |0 (DE-588)141434082  |0 (DE-627)703978918  |0 (DE-576)164333843  |4 edt  |a Hafemann, Scott J.  |d 1954- 
787 0 8 |i Rezensiert in  |a Schreiner, Thomas R., 1954 -   |t [Rezension von: Hafemann, Scott J., Biblical Theology: Retrospect and Prospect]  |d 2004  |w (DE-627)1787686868 
935 |a mteo 
951 |a BO 
ELC |b 1 
ITA |a 1  |t 1 
LOK |0 000 xxxxxcx a22 zn 4500 
LOK |0 001 3106769637 
LOK |0 003 DE-627 
LOK |0 004 1604879173 
LOK |0 005 20030509000000 
LOK |0 008 030509||||||||||||||||ger||||||| 
LOK |0 040   |a DE-21  |c DE-627  |d DE-21 
LOK |0 852   |a DE-21 
LOK |0 852 1  |c 43 A 3371  |9 00 
LOK |0 935   |a theo 
LOK |0 936ln  |a t2 
LOK |0 939   |a 09-05-03  |b l01 
ORI |a SA-MARC-ixtheoa001.raw 
STA 0 0 |a Biblical theology 
STB 0 0 |a Théologie biblique 
STC 0 0 |a Teología bíblica 
STD 0 0 |a Teologia biblica 
STE 0 0 |a 圣经神学 
STF 0 0 |a 聖經神學 
STG 0 0 |a Teologia bíblica 
STH 0 0 |a Библейское богословие 
STI 0 0 |a Βιβλική θεολογία